| 000 | 00864nam a2200241 a 4500 | ||
|---|---|---|---|
| 001 | 000038925 | ||
| 005 | 20240604194808.0 | ||
| 008 | 130506s2011 dr 000 0 spa d | ||
| 040 |
_aDO-SdBNP _bspa _cBNPHU |
||
| 082 |
_a300 _bI61ci |
||
| 245 | 0 | 0 |
_aIntroducción a las ciencias sociales / _cCeledonio Jiménez ... [et al.]. |
| 260 |
_aSanto Domingo : _bUniversitaria-UASD, _c2011. |
||
| 300 |
_a253 p. ; _c23 cm. |
||
| 490 | 1 |
_aEstudio sociales _v1, _vv. 857 |
|
| 500 | _aLa biblioteca posee 3 ejemplares autografiados por el autor | ||
| 590 | _aInventariado, 2018/VM | ||
| 650 | 0 |
_aCiencias sociales _91065 |
|
| 650 | 4 |
_aCiencias sociales _xInvestigaciones _92113 |
|
| 700 | 1 | 2 |
_aJiménez, Celedonio _965193 |
| 710 | 1 |
_aUniversidad Autónoma de Santo Domingo _972951 |
|
| 830 | 0 |
_aEstudio sociales _v857/1 _955394 |
|
| 910 | _aValidado. Control de calidad. MFF | ||
| 999 |
_c38415 _d38415 |
||